书目信息 |
| 题名: |
The French room
|
|
| 作者: | Betty Lou Phillips | |
| 分册: | ||
| 出版信息: | 2008 |
|
| 页数: | ||
| 开本: | 30cm | |
| 丛书名: | ||
| 单 册: | ||
| 中图分类: | TU238 | |
| 科图分类: | ||
| 主题词: | 建筑设计 | |
| 电子资源: | ||
| ISBN: | 978-1-4236-0455-6 | |
| 000 | 00446nam0 2200181 45 | |
| 001 | 1534965847 | |
| 005 | 20150908101346.90 | |
| 010 | @a978-1-4236-0455-6@dRMB 500.00 | |
| 100 | @a20150908d2008 km y0chiy0120 ea | |
| 101 | 0 | @achi |
| 200 | 1 | @aThe French room@fBetty Lou Phillips |
| 210 | @d2008 | |
| 215 | @d30cm | |
| 606 | 0 | @a建筑设计 |
| 690 | @aTU238@v4 | |
| 701 | 0 | @aBetty Lou Phillips |
| 801 | 0 | @aCN@bPFT@c20150908 |
| 905 | @a10447@dTU238@e9818 | |
| The French room/Betty Lou Phillips.-2008 |
| 30cm |
| ISBN 978-1-4236-0455-6:RMB 500.00 |
| ● |
| 相关链接 |
|
|
|
正题名:The French room
索取号:TU238/9818
 
预约/预借
| 序号 | 登录号 | 条形码 | 馆藏地/架位号 | 状态 | 备注 |
| 1 | 497580 | 204975802 | 建筑库101/101建筑库 48排2列1层/ [索取号:TU238/9818] | 在馆 |